000 00608nam a2200205Ii 4500
003 JO-AjNU
008 230605s9999||||xx |||||||||||||| ||und||
040 _aJO-AjNU
_bara
_erda
_cJO-AjNU
041 _aara
050 1 4 _aBP178 1985
100 3 _aالسعدي، عبد العليم عبد الرحمن,
_eauthor
_938503
245 0 0 _aصلاتك أيها المسلم
250 _aط6
264 3 1 _aالانبار: المؤلف، 1985
300 _a71ص
336 _atext
_btxt
_2rdacontent
337 _aunmediated
_bn
_2rdamedia
338 _avolume
_bnc
_2rdacarrier
650 4 _aالصلاة
_938504
999 _aA16182
_c19750
_d19750